000 00614nam a2200217Ii 4500
003 JO-AjNU
008 230606s9999||||xx |||||||||||||| ||und||
020 _a0-278-00097-5
040 _aJO-AjNU
_beng
_erda
_cJO-AjNU
041 _aeng
050 1 4 _aHF5681.B52 1989
100 3 _aBlake,J D,
_eauthor
_93173
245 0 4 _aThe Concise Guide to Interpreting Accounts
250 _a1 ed
264 3 1 _aLondon: Van Nostrand Reinhold,1989
300 _a158p
336 _atext
_btxt
_2rdacontent
337 _aunmediated
_bn
_2rdamedia
338 _avolume
_bnc
_2rdacarrier
650 4 _aInterpreting Accounts
_93174
999 _aE1662
_c1662
_d1662